UBT Library

ICD-10-CM (Record no. 58501)

000 -LEADER
fixed length control field 00299nam a22001457a 4500
008 - FIXED-LENGTH DATA ELEMENTS--GENERAL INFORMATION
fixed length control field 221012b ||||| |||| 00| 0 eng d
020 ## - INTERNATIONAL STANDARD BOOK NUMBER
International Standard Book Number 9781946729187
041 ## - LANGUAGE CODE
Language code of text/sound track or separate title eng
080 ## - UNIVERSAL DECIMAL CLASSIFICATION NUMBER
Universal Decimal Classification number 004
082 ## - DEWEY DECIMAL CLASSIFICATION NUMBER
Classification number 004
100 ## - Rafti
Rafti 19
101 ## - Shkurtesa
Shkurtesa shk
245 ## - TITLE STATEMENT
Title ICD-10-CM
Statement of responsibility, etc PUCKETT C
942 ## - ADDED ENTRY ELEMENTS (KOHA)
Source of classification or shelving scheme
Item type Books
Holdings
Withdrawn status Lost status Source of classification or shelving scheme Damaged status Not for loan Collection code Permanent location Current location Date acquired Total Checkouts Full call number Barcode Date last seen Price effective from Koha item type
          Koleksioni i përgjithshem UBT - Lipjan UBT - Lipjan 10/12/2022   004 PUC 002-80002870026044 10/12/2022 10/12/2022 Books
          Koleksioni i përgjithshem UBT - Lipjan UBT - Lipjan 10/12/2022   004 BUC 002-80002870026045 10/12/2022 10/12/2022 Books
          Koleksioni i përgjithshem UBT - Lipjan UBT - Lipjan 10/12/2022   004 BUC 002-80002870026046 10/12/2022 10/12/2022 Books
UBT Library © 2015-2024. All rights reserved University Education for Business and Technology